El Naufragio: las ONG al rescate /

Salvato in:
Dettagli Bibliografici
Autore principale: Pons Cortés, Gabriel
Natura: testo
Soggetti:
Tags: Aggiungi Tag
Nessun Tag, puoi essere il primo ad aggiungerne!!

MARC

LEADER 00000 a a2200000 04500
001 7143
003
040
100 |a Pons Cortés, Gabriel  
245 |a El Naufragio:   |b las ONG al rescate /  |c Gabriel Pons Cortés 
650 |a ORGANIZACIONES NO GUBERNAMENTALES  
650 |a AYUDA AL DESARROLLO  
650 |a POBREZA  
650 |a PROYECTOS DE DESARROLLO  
650 |a AGRICULTURA ORGANICA  
650 |a AGRICULTURA SOSTENIBLE  
773 |g volumen 20, número 226 -227; páginas 38-46  
999 |c 20260  |d 20260